Escola de Viticultura i Enologia Mercè Rossell i Domènech
Descripción Física:
1 carpeta contenint 15 fulls ; 31 cm
MARC
| LEADER | 00000nam a2200000Ia 4500 | ||
|---|---|---|---|
| 001 | 14880 | ||
| 008 | 160829s9999 xx 000 0 cat d | ||
| 080 | |a FU-31-3 | ||
| 245 | |a Escola de Viticultura i Enologia Mercè Rossell i Domènech | ||
| 260 | |a Sant Sadurní d'Anoia : |b l'Escola, [199- ?] | ||
| 300 | |a 1 carpeta contenint 15 fulls ; |c 31 cm | ||
| 590 | |a A la contracoberta: Diputació de Barcelona, Servei de Desenvolupament Rural | ||
| 610 | 2 | 0 | |a Escola de Viticultura i Enologia Mercè Rossell i Domènech |v Currículums |9 56223 |
| 650 | |a Viticultura |x Ensenyament |9 36037 | ||
| 710 | 1 | |a Barcelona (Catalunya : Província). |b Servei de Desenvolupament Rural |9 56548 | |
| 901 | |a Arxiu | ||
| 942 | |n 1 | ||
| 952 | |0 0 |1 0 |4 0 |6 FU313 |7 1 |9 48636 |a Arxiu |b Arxiu |d 2016-12-01 |l 0 |o FU-31-3 |p 14880 |r 2016-12-01 00:00:00 |w 2016-12-01 |y ARXIU | ||
| 999 | |c 52466 |d 52466 | ||